Geography Word Scramble #1 - Statistics

General Stats
  • This quiz has been taken 364 times
  • The average score is 17 of 26
Answer Stats
Scramble Type Answer % Correct
PRUE Country Peru
99%
MENEY Country Yemen
95%
ONBN City Bonn
91%
ONLUHULO Capital Honolulu
90%
MNEIA US State Maine
90%
AIPSR Capital Paris
88%
UTONCICNCET US State Connecticut
83%
HIAPLAILEPDH City Philadelphia
78%
AIUALSRAT Country Australia
76%
IAARBA Region Arabia
75%
KRADA Capital Dakar
75%
ZIAIB Island Ibiza
73%
PANALAIAPCH Mt. Range Appalachian
66%
UBEADN River Danube
65%
RAYCLGA City Calgary
63%
IRTLABGRA Territory Gibraltar
62%
KBTROESFETO Celebration Oktoberfest
58%
SAKAASNTWHCE Province Saskatchewan
56%
LDOHNAL Region Holland
53%
FORNELEC City Florence
52%
AKSIRHM Region Kashmir
48%
PLANETISE Dispute Palestine
47%
AVOAANAINNTR Capital Antananarivo
42%
ANCSETMERH City Manchester
36%
CRNTEOMAAS Capital Sacramento
30%
DMONRAYN Region Normandy
20%
No matching quizzes found
Score Distribution
Percent of People with Each Score
Percentile by Number Answered
Your Score History
You have not taken this quiz